|
|
|
|
| LEADER |
00000nab a2200000 a 4500 |
| 001 |
vtls000395427 |
| 003 |
SK-MaSNL |
| 005 |
20260304013321.0 |
| 008 |
230223c1990 xo 0 cze |
| 015 |
|
|
|a SNBRB19rr/mm-uuuuu
|
| 035 |
|
|
|a CL0395551
|
| 035 |
|
|
|a urn:nbn:sk:snk-aba8zb
|
| 035 |
|
|
|a (urnnbn)urn:nbn:sk:snk:ar-a09l7h
|
| 035 |
|
|
|a (uuid)8892b1dc-84af-4cb3-8ff3-68b47a9716ab
|
| 040 |
|
|
|a SNKBUCL
|b slo
|c SNKBUCL
|e AACR2
|
| 041 |
0 |
|
|a cze
|
| 044 |
|
|
|a xo
|c SK
|
| 080 |
|
|
|a 519.87.519.21:519.72
|2 1981
|
| 080 |
|
|
|a 519.72
|2 1981
|
| 080 |
|
|
|a 519.21
|2 1981
|
| 100 |
1 |
|
|a Maixner, Ladislav
|4 aut
|9 456798
|
| 245 |
1 |
0 |
|a Optimální stochastické systémy s pasivním a aktivním hromaděním informací
|c Ladislav Maixner
|
| 300 |
|
|
|b Tb. 2. Grafy 3., Sch. 5. Res. rus., nem., angl., lit. 4 zázn. v češ., ruš., angl.
|
| 650 |
0 |
7 |
|a procesy technologické diskrétne
|2 snkbucl
|9 1181989
|
| 650 |
0 |
7 |
|a stochastické systémy
|2 snkbucl
|9 67453
|
| 650 |
0 |
7 |
|a optimálne riadenie
|2 snkbucl
|9 50111
|
| 655 |
|
7 |
|a články z novín a časopisov
|2 snkbucl
|9 267496
|
| 773 |
0 |
|
|t Trend VUMA
|g Roč. 21, č. 1 (1990), s. 1-16
|
| 850 |
|
|
|a Slovenská národná knižnica v Martine
|a MTA001
|
| 852 |
|
|
|a SNK
|b KIS3GCP
|
| 958 |
|
|
|a RK
|
| 958 |
|
|
|a CZ
|
| 958 |
|
|
|a OND
|
| 958 |
|
|
|a EUIPO
|
| 958 |
|
|
|a article13
|
| 992 |
|
|
|a RBX
|
| 999 |
|
|
|c 2575285
|d 2577215
|